| 000 | 01499nam0a2200373 4500 | ||
|---|---|---|---|
| 001 | RU\NLR\BIBL_A\022104887 | ||
| 005 | 20240816114557.0 | ||
| 010 |
_a978-5-17-157305-8 _95000 |
||
| 021 |
_aRU _bКН-П-23-074352 _9КН-П-23-7519 |
||
| 035 | _a(NLR Aleph) 022104887 | ||
| 035 | _a(RuMoRGB)012377124 | ||
| 090 |
_a12758552 _c12758552 |
||
| 100 | _a20240110d2023 u y0rusy50 ca | ||
| 101 | 1 |
_arus _ceng |
|
| 102 | _aRU | ||
| 105 | _aa|||z|||000ay | ||
| 181 | 0 |
_ai3 _baxxe |
|
| 182 | 0 | _an | |
| 200 | 1 |
_aЦарство греха _e[роман] _fКерри Манискалко _gпер. с англ. И. Пантюхова _gиллюстрации Натальи Сорокиной |
|
| 203 |
_aТекст _bвизуальный _cнепосредственный |
||
| 210 |
_aМосква _cАСТ _d2023 |
||
| 215 |
_a478, [1] с. _cил. _d22 |
||
| 225 | 1 |
_aMainstream _iФэнтези |
|
| 320 | _aДр. произведения авт. на 477-й с. | ||
| 333 | _a16+ | ||
| 675 |
_a821.111(73)-31 _v4 |
||
| 686 | 1 | _aШ6(7США)67-445{Лх1979-62} | |
| 700 | 1 |
_7ca _8rus _aМанискалко _bК. _gКерри _9187904 _3RU\NLR\AUTH\770187955 |
|
| 702 | 1 |
_4440 _7ca _8rus _aСорокина _bН. В. _cиллюстратор, графический дизайнер _gНаталья Владимировна _9258763 _3RU\NLR\AUTH\770258819 |
|
| 942 | _cBOOK | ||
| 980 | _aNB | ||